Costa Rica: entre la ilusión y la desesperanza. Una alternativa para el desarrollo

保存先:
書誌詳細
フォーマット: 不明
出版事項: San José: Ediciones Guayacán
タグ: タグ追加
タグなし, このレコードへの初めてのタグを付けませんか!

MARC

LEADER 00000 a2200000 04500
001 16252
003
008 991231s d
040
090 |a 030103  
245 |a Costa Rica: entre la ilusión y la desesperanza. Una alternativa para el desarrollo  
260 |a San José:   |b Ediciones Guayacán  
300 |a 192 p.  
999 |c 13737  |d 13737